Statistiques concernant Tous les buts de Zidane

Cliquez ici pour prendre le quiz!

Statistiques générales

  • Ce quiz a été pris 100 fois
    (75 depuis la dernière actualisation)
  • Le résultat moyen est 22 sur 90

Statistiques - réponses

ButsPaysClubs% Correct
2Sélection nationaleBrésil
89%
2Sélection nationaleItalie
74%
3Sélection nationaleEspagne
73%
6EspagneFC Séville
73%
2ItalieInter
71%
4FranceParis SG
68%
1Sélection nationaleAllemagne
61%
2Sélection nationalePortugal
59%
3ItalieAS Roma
56%
4FranceFC Nantes
56%
2Sélection nationaleAngleterre
53%
1FranceLOSC
53%
1ItalieLazio Rome
50%
2ItalieAC Milan
47%
3EspagneReal Betis
47%
2EspagneValencia FC
47%
2FranceAS Monaco
45%
3EspagneFC Barcelone
45%
1ItalieJuventus Turin
45%
2FranceRC Lens
45%
2ItalieNapoli
44%
1FranceOlympique Lyonnais
44%
1FranceSaint-Étienne
44%
1AllemagneBayer Leverkusen
42%
1FranceRC Strasbourg
41%
1Sélection nationaleBelgique
36%
1Sélection nationaleSuisse
36%
1FranceToulouse FC
36%
2FranceFC Metz
35%
1FranceMontpellier HSC
35%
1Pays-BasAjax Amsterdam
33%
1AllemagneBayern Munich
30%
2Sélection nationaleJapon
30%
1FranceNîmes Olympiques
30%
2Sélection nationaleRépublique Tchèque
30%
2FranceAJ Auxerre
27%
1AngleterreManchester United
27%
2EspagneVillareal CF
26%
2ItalieFiorentina
24%
1Sélection nationaleNorvège
24%
1FranceLe Havre AC
23%
2EspagneReal Sociedad
23%
1Sélection nationaleUkraine
23%
1ItalieAtalanta BC
21%
4FranceFC Sochaux-Montbéliard
21%
1Sélection nationalePologne
21%
3EspagneEspanyol Barcelone
20%
1Pays-BasFeyenoord
18%
2EspagneMalaga CF
18%
2EspagneDeportivo la Corogne
17%
1ItalieUdinese
17%
2Sélection nationaleEcosse
15%
1ItalieBologna FC
14%
1Sélection nationaleRoumanie
14%
1EspagneAthletic Bilbao
12%
1EspagneCelta Vigo
12%
1Sélection nationaleChypre
12%
1Sélection nationaleIsraël
11%
2Sélection nationaleMalte
11%
1Sélection nationaleCôte d'Ivoire
8%
1GrèceAEK Athènes
6%
1ItalieLecce
6%
1EspagneRayo Vallecano
6%
1République tchèqueSparta Prague
6%
2Sélection nationaleAzerbaïdjan
5%
1ItalieReggina
5%
1NorvègeRosenborg
5%
1EspagneDeportivo Alavés
3%
2EspagneReal Valladolid
3%
1PortugalFC Porto
2%
1ItalieHellas Verone
2%
3EspagneRacing Santander
2%
2EspagneAlbacete Balompié
0%
1Sélection nationaleArménie
0%
2IrlandeBohemian FC
0%
1FranceEA Guingamp
0%
*1FranceFC Mulhouse
0%
1AllemagneKarlsruher SC
0%
1AllemagneL'Eintracht Francfort
0%
1NorvègeLillestrom SK
0%
*1FranceMont-de-Marsan
0%
1SuèdeNorrköping
0%
1DanemarkOdense BK
0%
2FranceOGC Nice
0%
2ItaliePerugia FC
0%
*2ItaliePiacenza Calcio
0%
*1FranceSC Toulon Var
0%
1FranceSM Caen
0%
2ItalieSSC Bari
0%
2EspagneUD Las Palmas
0%

Distribution des résultats

Percentile par nombre de réponses

% des personnes avec chaque résultat

Votre développement - résultats

Vous n’avez pas pris ce quiz depuis la dernière actualisation